000 00987nam a2200217 i 4500
001 152991
003 ES-MaACL
005 20230906204951.0
008 931025s1756 sp |||| | spa d
040 _aCARM
_bspa
_cPAB
245 0 0 _aCartas edificantes, y curiosas, escritas de las missiones estrangeras[sic] de Levante /
_cpor algunos missioneros de la Compañía de Jesús ; traducidas por el Padre Diego Davin de la misma Compañia ; tomo decimotercio.
260 _aEn Madrid :
_ben la Imp. de la Viuda de Manuel Fernández, y del Supremo Consejo de la Inquisicion,
_c1756.
300 _a[4], XX, 411, [1] p. en bl. ;
_c4º.
597 _aSign.: [calderón]-3[calderón]4, A-Z4, 2A-2Z4, 3A-3E4, 3F2.
650 4 _aMisioneros-
_zFilipinas.
_9155179
650 4 _aLengua bicol.
_9162861
651 4 _aLenguas filipinas.
_9206414
700 1 _aDavin, Diego.
_942950
852 _aES-MaACL
_jR-1429
_z- Enc. perg.
_q- Falto de la port.
_x- Olim: G-15759
999 _c152991
_d152991